000 00458nam a2200169Ia 4500
003 GCL
008 140319s9999 xx 000 0 eng d
040 _aGCL /
_cGCL
082 0 4 _a515.7242
_bR L
100 1 _aRODINO, LUIGI
245 1 0 _aLINEAR PARTIOAN DIFFERENTAL OPERATORS IN GEVERY SPACES /
_cRODINO, LUIGI
260 _a[S.N] :
_bWORLD SCIENTIFIC ،
_c1993
300 _a249 P
650 0 4 _aMATHEMATICS
650 0 4 _aGEVREY SPACES
942 _2ddc
_cBK
999 _c16857
_d16857